000 00596nam a2200181Ia 4500
008 151018s9999 xx 000 0 und d
082 _bRBASDV60574
_a891.463
100 _aराजा कुलकर्णी
245 _aडेष्ठीसोप
250 _b1
260 _b"निखील प्रकाशन, कोल्हापूर"
_c2011
300 _a134
600 _aराजा कुलकर्णी
630 _aडेष्ठीसोप
700 _aराजा कुलकर्णी
730 _aडेष्ठीसोप
942 _cBOOK
999 _c1054085
_d1054082